Slovensko-anglický frazeologický slovník obchodnej korešpondencie

Saved in:
Bibliographic Details
Main Author: Závada, Dušan
Format: Book
Language:Slovak
English
Published: Bratislava Alfa 1973
Series:Edícia prekladových slovníkov
Tags: Add Tag
No Tags, Be the first to tag this record!

MARC

LEADER 00000nam a2200000 4500
001 c121038
005 20041019155220.3
041 0 |a slo 
041 0 |a eng 
044 |a SK 
245 1 0 |a Slovensko-anglický frazeologický slovník obchodnej korešpondencie  |c Dušan Závada 
264 1 |a Bratislava  |b Alfa  |c 1973 
300 |a 559 s. 
490 1 |a Edícia prekladových slovníkov 
830 0 |a Edícia prekladových slovníkov 
100 1 |a Závada, Dušan